000 00788nam a2200253 i 4500
001 C2-0327640
003 PPAK
005 20180728125227.0
008 140707s2014 my |||| ||||| | may d
020 _a9789675391262
040 _aPPAK
_beng
_cPPAK
_erda
082 0 4 _a297.1222
_223
090 0 0 _a297.1222
_bAHM
_dG
100 0 _aAhmad Fikri Haji Husin,
_eauthor
245 1 0 _aWacana kisah al-kahfi :
_bhimpunan riwayat para nabi dalam al-Quran
264 1 _aPetaling Jaya, Selangor :
_bHijjaz Records Publishing ,
_c2014
300 _av, 159 pages ;
_c21 cm
336 _2rdacontent
_atext
337 _2rdamedia
_aunmediated
338 _2rdacarrier
_avolume
650 1 0 _aKoran stories, Malay. ; Prophets in the Qu'ran.
700 0 _aZuryati Isa,
_eeditor
942 _ddc
_cB
999 _c127176
_d127176